00841nam a2200265 a 450000100060000000300080000600500170001400800410003102000160007203500190008804000290010704100080013608200260014410000220017024501050019226000310029730000340032850000400036250000200040250400300042265000380045265000290049065000340051970000220055351539BD-RjUL20211209075657.0160831s1980 nyua b 001 0 eng  a0471058874  a(BD-RjUL)51659 aDLCcDLCdm.c.dMYGbeng aeng 223a519.537bBEE 19801 aBendat, Julius S.10aEngineering applications of correlation and spectral analysis /cJulius S. Bendat, Allan G. Piersol. aNew York :bWiley,cc1980. axiv, 302 p. :bill. ;c24 cm. a"A Wiley-Interscience publication." aIncludes index. aBibliography: p. 293-294. 0aEngineeringxStatistical methods. 0aCorrelation (Statistics) 0aSpectral theory (Mathematics)1 aPiersol, Allan G.